Introducción a la filosofía: epistemología y metafísica
সংরক্ষণ করুন:
| প্রধান লেখক: | |
|---|---|
| বিন্যাস: | গ্রন্থ |
| ভাষা: | স্প্যানিশ |
| প্রকাশিত: |
Madrid
Cátedra
1994
|
| সংস্করন: | 3a. ed |
| মালা: | Colección Teorema
|
| বিষয়গুলি: | |
| ট্যাগগুলো: |
ট্যাগ যুক্ত করুন
কোনো ট্যাগ নেই, প্রথমজন হিসাবে ট্যাগ করুন!
|
MARC
| LEADER | 00000nam a2200000 a 4500 | ||
|---|---|---|---|
| 001 | UCL7623 | ||
| 003 | CL-VaPUC | ||
| 008 | 040528e19940000SP |||||||||||||||||spa|d | ||
| 020 | |a 8437606063 | ||
| 082 | 0 | 4 | |a 121 |b AJD |2 21 |
| 100 | 0 | |a Ajdukiewicz, Kazimierz |e author |9 485440 | |
| 245 | 1 | 0 | |a Introducción a la filosofía: epistemología y metafísica |
| 250 | |a 3a. ed | ||
| 300 | |a 175 p | ||
| 942 | |c BK | ||
| 945 | |d 20040528 00:00:00 |a cmena | ||
| 260 | |a Madrid |b Cátedra |c 1994 | ||
| 650 | 0 | |a Epistemología |9 264994 | |
| 650 | 0 | |a Metafísica |9 265649 | |
| 650 | 0 | |a Teoría del conocimiento |9 255038 | |
| 650 | 0 | |a Filosofía |9 223554 | |
| 650 | 0 | |a Cognición |9 270347 | |
| 583 | |a last modification |c 20040528 00:00:00 |k Rodrigo Vera | ||
| 490 | 0 | |a Colección Teorema | |
| 999 | |c 309255 |d 309253 | ||
| 952 | |0 0 |1 0 |4 0 |6 121_000000000000000_AJD_1994 |7 0 |8 A |9 376625 |a BIBING |b BIBING |d 2019-11-21 |i 4019504 |l 2 |m 5 |o 121 AJD 1994 |p 4019504 |r 2025-01-20 |s 2023-09-28 |w 2019-11-21 |y BK |k EII | ||